| 000 | 00507nam a22001937a 4500 | ||
|---|---|---|---|
| 005 | 20260423165155.0 | ||
| 008 | 260423b |||||||| |||| 00| 0 eng d | ||
| 020 |
_a9789348385826 _c395.00 |
||
| 040 | _aMAIN | ||
| 041 | _aEnglish | ||
| 082 |
_a333.95 _bMAN |
||
| 100 |
_aMandal, Fatik Baran _926735 |
||
| 245 | _aBiodiversity | ||
| 260 |
_aNew Delhi _bCBS Publishers _c2026 |
||
| 300 | _a344 | ||
| 650 |
_aEnvironment Science (PM USHA) _926725 |
||
| 700 |
_aNandi, Nepal Chandra _926736 |
||
| 942 | _cBK | ||
| 999 |
_c60724 _d60724 |
||